Bars & restaurants (Record no. 7845)

000 -LEADER
fixed length control field 00328nam a22001457a 4500
003 - CONTROL NUMBER IDENTIFIER
control field OSt
005 - DATE AND TIME OF LATEST TRANSACTION
control field 20200526141118.0
008 - FIXED-LENGTH DATA ELEMENTS--GENERAL INFORMATION
fixed length control field 200526b ||||| |||| 00| 0 eng d
020 ## - INTERNATIONAL STANDARD BOOK NUMBER
International Standard Book Number 9788415492498
082 ## - DEWEY DECIMAL CLASSIFICATION NUMBER
Classification number 725.71BRO
100 ## - MAIN ENTRY--PERSONAL NAME
Personal name Broto, Carles
245 ## - TITLE STATEMENT
Title Bars & restaurants
260 ## - PUBLICATION, DISTRIBUTION, ETC. (IMPRINT)
Place of publication, distribution, etc Spain
Name of publisher, distributor, etc Links Books
942 ## - ADDED ENTRY ELEMENTS (KOHA)
Source of classification or shelving scheme
Holdings
Withdrawn status Lost status Source of classification or shelving scheme Damaged status Koha normalized classification for sorting Not for loan Permanent location Current location Date acquired Full call number Barcode Date last seen Price effective from Koha item type
        725_000000000000000_71BRO   BMS College of Architecture, Design and Planning BMS College of Architecture, Design and Planning 2020-05-26 725.71BRO AR-UG1785 2020-05-26 2020-05-26 UG Books
Copyright © 2025, The Librarian, Library and Information Centre, BMSCA D&P, Bengaluru. All Rights Reserved
web counter

Powered by Koha